000
00287nam a22001097a 4500
008
170110b xxu||||| |||| 00| 0 eng d
020
_a
9780763722890
041
_a
eng
080
_a
618.2
245
_a
A HISTORY OF NURSING IDEAS
_c
ANDRIST, L.C & NICHOLAS, P.K & WOLF, K.A
942
_2
udc
_c
BK
999
_c
2650
_d
2650